Комплексное исследование свойств кремнийорганического ионообменника, функционализированного 2-аминоэтилпиридиновыми группами; Современные техника и технологии; Т. 2
| Parent link: | Современные техника и технологии: сборник трудов XVI Международной научно-практической конференции студентов, аспирантов и молодых ученых, Томск, 12-16 апреля 2010 г/ Национальный исследовательский Томский политехнический университет (ТПУ).— , 2010 Т. 2.— 2010.— [С. 134-136] |
|---|---|
| Yazar: | |
| Diğer Yazarlar: | , , |
| Özet: | Заглавие с титульного листа Электронная версия печатной публикации |
| Dil: | Rusça |
| Baskı/Yayın Bilgisi: |
2010
|
| Konular: | |
| Online Erişim: | http://www.lib.tpu.ru/fulltext/c/2010/C01/V2/056.pdf |
| Materyal Türü: | MixedMaterials Elektronik Kitap Bölümü |
| KOHA link: | https://koha.lib.tpu.ru/cgi-bin/koha/opac-detail.pl?biblionumber=232751 |
MARC
| LEADER | 00000nla2a2200000 4500 | ||
|---|---|---|---|
| 001 | 232751 | ||
| 005 | 20231031203418.0 | ||
| 035 | |a (RuTPU)RU\TPU\book\253805 | ||
| 035 | |a RU\TPU\book\253804 | ||
| 090 | |a 232751 | ||
| 100 | |a 20130219d2010 k y0rusy50 ca | ||
| 101 | 0 | |a rus | |
| 102 | |a RU | ||
| 105 | |a y z 101zy | ||
| 135 | |a drnn ---uucaa | ||
| 181 | 0 | |a i | |
| 182 | 0 | |a b | |
| 200 | 1 | |a Комплексное исследование свойств кремнийорганического ионообменника, функционализированного 2-аминоэтилпиридиновыми группами |b Электронный ресурс |f А. С. Засухин, В. А. Осипова, Ю. С. Москалева |g науч. рук. Л. К. Неудачина | |
| 203 | |a Текст |c электронный | ||
| 215 | |a 1 файл (215 Кб) | ||
| 230 | |a Электронные текстовые данные (1 файл : 215 Кб) | ||
| 300 | |a Заглавие с титульного листа | ||
| 300 | |a Электронная версия печатной публикации | ||
| 337 | |a Adobe Reader | ||
| 461 | 0 | |0 (RuTPU)RU\TPU\book\245271 |t Современные техника и технологии |o сборник трудов XVI Международной научно-практической конференции студентов, аспирантов и молодых ученых, Томск, 12-16 апреля 2010 г |o в 3 т. |f Национальный исследовательский Томский политехнический университет (ТПУ) |d 2010 | |
| 463 | 0 | |0 (RuTPU)RU\TPU\book\250479 |t Т. 2 |v [С. 134-136] |d 2010 |p [426 с.] | |
| 610 | 1 | |a электронный ресурс | |
| 610 | 1 | |a ионообменники | |
| 610 | 1 | |a ионообменные материалы | |
| 610 | 1 | |a кремнийорганические материалы | |
| 610 | 1 | |a золь-гель метод | |
| 610 | 1 | |a синтез | |
| 610 | 1 | |a программные пакеты | |
| 610 | 1 | |a расчет | |
| 610 | 1 | |a ChemOffice | |
| 610 | 1 | |a 2-аминоэтилпиридин | |
| 700 | 1 | |a Засухин |b А. С. | |
| 701 | 1 | |a Осипова |b В. А. | |
| 701 | 1 | |a Москалева |b Ю. С. | |
| 702 | 1 | |a Неудачина |b Л. К. |4 727 | |
| 801 | 1 | |a RU |b 63413507 |c 20130213 | |
| 801 | 2 | |a RU |b 63413507 |c 20130507 |g RCR | |
| 856 | 4 | |u http://www.lib.tpu.ru/fulltext/c/2010/C01/V2/056.pdf | |
| 942 | |c CF | ||